|
|
|
|
| LEADER |
00000nab a2200000 ar4500 |
| 001 |
vtls009178933 |
| 003 |
SK-MaSNL |
| 005 |
20260303194444.0 |
| 008 |
080129|19700922xo ||||||||||||00 b|slo |
| 015 |
|
|
|a SNBRB2008/01
|2 snkbucl
|
| 038 |
|
|
|a SNKBUCL
|
| 040 |
|
|
|a SNKBUCL
|b slo
|e AACR2
|c SNKBUCL
|
| 041 |
0 |
|
|a slo
|
| 044 |
|
|
|a xo
|c SK
|
| 080 |
|
|
|a 792.2
|2 2001
|
| 100 |
1 |
|
|a Mrník, I.
|4 aut
|9 1226645
|
| 245 |
1 |
0 |
|a Začiatok sezóny v Divadle SNP
|b ukážka iberského humoru
|c I. Mrník
|
| 500 |
|
|
|a Recenzovanú hru režíroval Peter Scherhaufer
|
| 600 |
1 |
7 |
|a Paso, Alfonso,
|d 1926-1978
|t Pletky otecka a mamičky
|2 snkbucl
|9 1226644
|
| 610 |
2 |
7 |
|a Divadlo Slovenského národného povstania
|2 snkbucl
|9 232430
|
| 655 |
|
7 |
|a recenzie
|2 snkbucl
|9 21907
|
| 773 |
0 |
|
|t Práca
|g Roč. 25, č. 224 (22.9.1970), s. 6
|
| 852 |
|
|
|a SNK
|b KIS3GCP
|
| 958 |
|
|
|a RC
|
| 999 |
|
|
|c 2157608
|d 2159538
|